000 00742nam a2200229 a 4500
001 6544
003 BD-RjUL
005 20211208234249.0
008 14 t1963 nyu b 000 0 eng d
035 _a(BD-RjUL)6585
035 _a(BD-RjUL)
040 _aANL
_beng
_cANL
_dBD-RjUL
041 1 _aengpol
082 0 4 _a519.536
_223
_bHEL 1963
100 1 _aHellwig, Zdzislaw.
_920602
245 1 0 _aLinear regression and its application to economics /
_cby Z. Hellwig ; Translated from the Polish by J. Stadler ; Translation edited by H. Infeld.
260 _aNew York :
_bMacmillan,
_cc1963.
300 _axii, 411p. :
_billus. ;
_c19 cm.
650 0 _aRegression Analysis
_920603
650 0 _aEconomics, Mathematical.
_9155559
942 _2ddc
_cBK
999 _c6544
_d6544